000 00582nam a2200217Ia 4500
005 20240419133202.0
008 131103s9999 xx 000 0 und d
040 _aLoreto College
041 _aEnglish
082 _a370.15
_bKUN
100 _aKundu, C. L.
245 _aEducational Psychology
_cC. L. Kundu and D. Tutoo
260 _aNew Delhi
_bSterling Pub
_c1991
300 _avi,616p
504 _aIncludes bibliographical references and index
650 _aPsychology
651 _aEducational Psychology
700 _aTutoo, D.
850 _aLCBED
942 _cBK
999 _c26727
_d77206